| 000 | 00605nam a2200217Ia 4500 | ||
|---|---|---|---|
| 005 | 20250508151141.0 | ||
| 008 | 008 250505s9999 xx 000 0 eng d | ||
| 037 | _aTextBook | ||
| 040 |
_aFEDL _beng _cFEDL |
||
| 041 |
_aeng _2eng |
||
| 084 |
_a155, HUR _qFEDL |
||
| 100 | _aHurlock Elizabeth B | ||
| 245 | 0 | _aDevelopmental psychology | |
| 260 |
_aNew York, USA _bMcGraw-Hill Book Company _c1953 |
||
| 300 | _aix,556p | ||
| 365 |
_aINR _b30 |
||
| 490 | _aMcGraw-Hill Series in Psychology | ||
| 650 | _aDevelopmental Psychology | ||
| 942 |
_cTB _h155, HUR |
||
| 999 |
_c1327904 _d1327904 |
||